000
00232nam a22001097a 4500
003
SGT
100
_a
SYAL, NIPUN
245
_a
ELECTRICAL ENGINEERING
260
_a
CHANDIGARH
_b
EDUZPHERE PIB.
_c
2019
300
_a
384
942
_2
ddc
_c
BK
999
_c
32460
_d
32460